[Event "I Open A"]
[Site "Civitanova Marche ITA"]
[Date "2006.07.30"]
[Round "2"]
[White "Bruno, Fabio"]
[Black "Gianfelici, Edoardo"]
[Result "1-0"]
[WhiteElo "2388"]
[BlackElo "2069"]
[PlyCount "59"]
[EventDate "2006.07.29"]

1. d4 c5 2. d5 e5 3. e4 d6 4. Nc3 g6 5. Nf3 Bg7 6. Bb5+ Nd7 7. a4 Ne7 8. a5 a6
9. Bd3 O-O 10. h4 f5 11. h5 Nf6 12. hxg6 hxg6 13. Ng5 f4 14. Bc4 Bg4 15. Qd3
Qc7 16. g3 Nh5 17. f3 Bd7 18. gxf4 Nxf4 19. Qd2 Bf6 20. Qh2 Nh5 21. Qg2 Nf4 22.
Bxf4 exf4 23. Qh2 Rf7 24. Nxf7 Kxf7 25. Qxf4 g5 26. Rh7+ Kg6 27. Qh2 Bxc3+ 28.
bxc3 Kf6 29. f4 Rg8 30. Qh6+ 1-0

[Event "I Open A"]
[Site "Civitanova Marche ITA"]
[Date "2006.07.30"]
[Round "2"]
[White "Di Caro, Calogero"]
[Black "Giacometti, Carlo"]
[Result "1-0"]
[WhiteElo "2340"]
[BlackElo "2062"]
[PlyCount "81"]
[EventDate "2006.07.29"]

1. d4 c5 2. d5 f5 3. c4 Nf6 4. Nc3 g6 5. g3 Qb6 6. Bg2 Bg7 7. Nh3 d6 8. Nf4 O-O
9. h4 Qb4 10. h5 gxh5 11. Qb3 Na6 12. Bd2 Nc7 13. Nxh5 Nxh5 14. Rxh5 a5 15.
O-O-O a4 16. Qc2 Qxc4 17. Rh4 Qa6 18. Rxa4 Qb6 19. Rxa8 Nxa8 20. Rh1 c4 21. Be3
Qa5 22. g4 b5 23. Kb1 b4 24. Nd1 Nc7 25. Qxc4 Ba6 26. Qc6 Rb8 27. Qc2 Nxd5 28.
Qb3 e6 29. gxf5 Rc8 30. Rh4 Kf8 31. fxe6 Nxe3 32. fxe3 Qc5 33. Rf4+ Ke8 34. a4
Qc1+ 35. Ka2 Bc4 36. Rxc4 Rxc4 37. Bd5 Rc2 38. Be4 Rd2 39. Qxb4 Rxd1 40. Qb5+
Kf8 41. Qf5+ 1-0

[Event "I Open A"]
[Site "Civitanova Marche ITA"]
[Date "2006.07.30"]
[Round "2"]
[White "Logallo, Claudio"]
[Black "Rombaldoni, Denis"]
[Result "1-0"]
[WhiteElo "2066"]
[BlackElo "2348"]
[PlyCount "55"]
[EventDate "2006.07.29"]

1. e4 g6 2. d4 c6 3. Nc3 d5 4. Be3 Nf6 5. e5 Ng4 6. Qf3 Nxe3 7. fxe3 h5 8. h3
a5 9. Bd3 Na6 10. Nge2 Nb4 11. O-O Be6 12. Nf4 Nxd3 13. cxd3 Bh6 14. Nxe6 fxe6
15. Na4 b6 16. Qg3 Kd7 17. Rf7 Qc7 18. Raf1 Qa7 19. Kh1 g5 20. R1f6 Qa6 21.
Rxh6 Rxh6 22. Qxg5 Re8 23. Qxh6 Qxd3 24. b3 Qe2 25. Qg5 Qxa2 26. Nxb6+ Kd8 27.
Na4 Qxb3 28. Nc5 1-0

[Event "I Open A"]
[Site "Civitanova Marche ITA"]
[Date "2006.07.30"]
[Round "2"]
[White "Madan, Augustin"]
[Black "Guidi, Maurizio"]
[Result "1-0"]
[WhiteElo "2411"]
[BlackElo "2090"]
[PlyCount "57"]
[EventDate "2006.07.29"]

1. e4 c5 2. Nc3 Nc6 3. Bb5 g6 4. Bxc6 dxc6 5. d3 Bg7 6. Be3 b6 7. f4 Nf6 8. h3
O-O 9. Nf3 Ne8 10. g4 Nc7 11. Qd2 Nb5 12. O-O Nd4 13. Rae1 f5 14. gxf5 Nxf3+
15. Rxf3 gxf5 16. e5 Kh8 17. Rg3 Rg8 18. Kh2 Be6 19. Qe2 Bf7 20. Reg1 Qd7 21.
Qf2 Rad8 22. Ne2 c4 23. dxc4 Bxc4 24. Nd4 Bd5 25. Rg5 e6 26. Qh4 Qe7 27. Bf2 a6
28. Rxg7 Rxg7 29. Rxg7 1-0

[Event "I Open A"]
[Site "Civitanova Marche ITA"]
[Date "2006.07.30"]
[Round "2"]
[White "Manganelli, Gianpaolo"]
[Black "Dvirnyy, Danyyil"]
[Result "1/2-1/2"]
[WhiteElo "2056"]
[BlackElo "2280"]
[PlyCount "70"]
[EventDate "2006.07.29"]

1. f4 c5 2. Nf3 g6 3. e4 d5 4. exd5 Nf6 5. Bb5+ Nbd7 6. c4 a6 7. Bxd7+ Bxd7 8.
O-O Bg7 9. Nc3 O-O 10. d3 e6 11. dxe6 Bxe6 12. Be3 Qc7 13. Ne5 Rad8 14. Qf3 Nd7
15. Ne4 b6 16. Ng5 Nxe5 17. fxe5 Bf5 18. e6 fxe6 19. g4 h6 20. gxf5 hxg5 21.
Bxg5 Bf6 22. Qg2 exf5 23. Rxf5 Bd4+ 24. Kh1 Rxf5 25. Bxd8 Qf7 26. Bh4 Bf2 27.
Bg3 Bxg3 28. hxg3 Rf2 29. Qd5 Rxb2 30. Rf1 Qxd5+ 31. cxd5 Re2 32. Rf6 Re5 33.
Rxg6+ Kf7 34. Rxb6 Rxd5 35. Rxa6 Rxd3 1/2-1/2

[Event "I Open A"]
[Site "Civitanova Marche ITA"]
[Date "2006.07.30"]
[Round "2"]
[White "Piscopo, Pierluigi"]
[Black "Mosconi, Ariel Oscar"]
[Result "1-0"]
[WhiteElo "2393"]
[BlackElo "2097"]
[PlyCount "79"]
[EventDate "2006.07.29"]

1. e4 e5 2. Nf3 Nc6 3. Bb5 f5 4. d3 Nf6 5. exf5 Be7 6. d4 exd4 7. O-O O-O 8.
Nxd4 Nxd4 9. Qxd4 c6 10. Bd3 d5 11. c4 c5 12. Qf4 d4 13. Qf3 Bd6 14. Bg5 Qc7
15. h3 Bd7 16. Bxf6 Rxf6 17. Nd2 Raf8 18. g4 Kh8 19. Be4 Bf4 20. Qd3 Rh6 21.
Bg2 Bxd2 22. Qxd2 Bc6 23. Rfe1 Bxg2 24. Kxg2 Qc6+ 25. f3 Rhf6 26. Re7 h6 27.
Rae1 b5 28. cxb5 Qxb5 29. Rxa7 Ra6 30. Rxa6 Qxa6 31. a3 Qd6 32. b3 Qd5 33. Qd3
Ra8 34. f6 Qf7 35. fxg7+ Kg8 36. Re5 Rxa3 37. Qe4 Ra2+ 38. Kg3 Qc7 39. f4 Ra7
40. Qg6 1-0

[Event "I Open A"]
[Site "Civitanova Marche ITA"]
[Date "2006.07.30"]
[Round "2"]
[White "Scivales, Daniel"]
[Black "Brunello, Sabino"]
[Result "0-1"]
[WhiteElo "2072"]
[BlackElo "2391"]
[PlyCount "102"]
[EventDate "2006.07.29"]

1. Nf3 Nf6 2. d4 e6 3. e3 c5 4. Nc3 d5 5. Bd3 c4 6. Be2 Nc6 7. O-O Bb4 8. Nb1
O-O 9. b3 c3 10. a3 Qa5 11. Ne1 e5 12. Nd3 exd4 13. Nxb4 Nxb4 14. exd4 Bf5 15.
g4 Bg6 16. g5 Nd7 17. Nxc3 Nxc2 18. b4 Qc7 19. Nb5 Qc6 20. Ra2 a6 21. Bd3 Bxd3
22. Qxd3 Rfc8 23. Nd6 Qxd6 24. Rxc2 Qe6 25. Re2 Qg4+ 26. Kh1 Rc3 27. f3 Qh3 28.
Qd1 Rxf3 29. Rfe1 Nf8 30. a4 Rc8 31. b5 Rd3 32. Rd2 Rxd2 33. Bxd2 axb5 34. axb5
Ne6 35. Qe2 Rc2 36. Ra1 Rc8 37. Re1 Qf5 38. Rf1 Qg6 39. Qe5 Rd8 40. Ba5 Ra8 41.
Bb4 Nxg5 42. Qf5 Ne4 43. Qxg6 hxg6 44. Rc1 g5 45. Rc7 b6 46. Rd7 Ra4 47. Be7
Rxd4 48. Rb7 Rd1+ 49. Kg2 Rd2+ 50. Kf3 f5 51. h4 d4 0-1

[Event "I Open A"]
[Site "Civitanova Marche ITA"]
[Date "2006.07.30"]
[Round "2"]
[White "Tribuiani, Renato"]
[Black "Bukal, Vladimir jr"]
[Result "0-1"]
[WhiteElo "2091"]
[BlackElo "2407"]
[PlyCount "52"]
[EventDate "2006.07.29"]

1. d4 d5 2. e3 Nf6 3. Nd2 c6 4. Bd3 Bg4 5. f3 Bh5 6. Nh3 Nbd7 7. Nf4 e5 8. Nxh5
Nxh5 9. O-O exd4 10. exd4 Bd6 11. Re1+ Kf8 12. Nf1 Qf6 13. Be3 Nf4 14. Bf2 h5
15. c3 h4 16. Qd2 h3 17. g3 Ng2 18. Qe2 Nxe1 19. Rxe1 g6 20. g4 Kg7 21. Bg3
Bxg3 22. hxg3 Rae8 23. Ne3 Re6 24. Qf2 h2+ 25. Kh1 Rhe8 26. f4 Qe7 0-1

[Event "I Open A"]
[Site "Civitanova Marche ITA"]
[Date "2006.07.31"]
[Round "3"]
[White "Barletta, Antonio"]
[Black "Altini, Daniele"]
[Result "0-1"]
[WhiteElo "2097"]
[BlackElo "2292"]
[PlyCount "78"]
[EventDate "2006.07.29"]

1. e4 c5 2. Nf3 e6 3. c3 d5 4. exd5 exd5 5. d4 Nc6 6. Bb5 Bd6 7. O-O Nge7 8.
Nbd2 O-O 9. dxc5 Bxc5 10. Nb3 Bd6 11. Bd3 Ng6 12. Nbd4 Bg4 13. Bf5 Nxd4 14.
Bxg4 Ne6 15. Nd4 Nxd4 16. cxd4 Bc7 17. g3 Qd6 18. Qb3 Bb6 19. Rd1 Rad8 20. Bf3
f5 21. Bd2 Rf7 22. Bb4 Qd7 23. Rac1 f4 24. Bc5 fxg3 25. fxg3 Bxc5 26. Rxc5 Ne7
27. Kg2 b6 28. Rc3 Rdf8 29. Re1 Kh8 30. Re5 a5 31. Qc2 h6 32. Rc7 Qd6 33. Rc3
g5 34. a3 Qf6 35. h3 Nc6 36. Rxc6 Qxf3+ 37. Kh2 Qf2+ 38. Qxf2 Rxf2+ 39. Kg1
Rf1+ 0-1

[Event "I Open A"]
[Site "Civitanova Marche ITA"]
[Date "2006.07.31"]
[Round "3"]
[White "Brunello, Sabino"]
[Black "Sgnaolin, Davide"]
[Result "1-0"]
[WhiteElo "2391"]
[BlackElo "2154"]
[PlyCount "119"]
[EventDate "2006.07.29"]

1. e4 c5 2. Nf3 Nc6 3. Nc3 g6 4. d4 cxd4 5. Nxd4 Bg7 6. Be3 Nf6 7. Bc4 O-O 8.
Bb3 d6 9. f3 Bd7 10. Qd2 Nxd4 11. Bxd4 b5 12. a4 b4 13. Nd5 Nxd5 14. Bxg7 Kxg7
15. Bxd5 Rc8 16. O-O Qb6+ 17. Kh1 a5 18. f4 Qc5 19. Bb3 Be6 20. Rae1 Bc4 21.
Rf3 Bxb3 22. cxb3 f6 23. Rh3 Qc2 24. Qd4 Rc7 25. e5 Qc5 26. exf6+ Rxf6 27. Qd2
e5 28. fxe5 dxe5 29. Rhe3 Rcf7 30. h3 Rf2 31. R3e2 Qd4 32. Qc1 Qf4 33. Rxf2
Qxf2 34. Rxe5 Qf1+ 35. Qxf1 Rxf1+ 36. Kh2 Rf2 37. Rxa5 Rxb2 38. Ra7+ Kg8 39.
Kg3 Rxb3+ 40. Kf4 Rb2 41. g4 b3 42. Kg5 Rf2 43. Rb7 b2 44. a5 Rd2 45. a6 Rd6
46. a7 Ra6 47. Rxb2 Rxa7 48. Kh6 Ra3 49. Rb8+ Kf7 50. Rb7+ Kf6 51. g5+ Kf5 52.
Rf7+ Ke6 53. Rf6+ Ke7 54. Kxh7 Rxh3+ 55. Kxg6 Rg3 56. Rf1 Rg2 57. Kh6 Rh2+ 58.
Kg7 Ke6 59. g6 Ra2 60. Kh7 1-0

[Event "I Open A"]
[Site "Civitanova Marche ITA"]
[Date "2006.07.31"]
[Round "3"]
[White "Bukal, Vladimir jr"]
[Black "Stromboli, Carlo"]
[Result "1-0"]
[WhiteElo "2407"]
[BlackElo "2196"]
[PlyCount "107"]
[EventDate "2006.07.29"]

1. d4 e6 2. e4 d5 3. Nc3 Bb4 4. exd5 exd5 5. Bd3 Ne7 6. a3 Bxc3+ 7. bxc3 Bf5 8.
Rb1 b6 9. Qf3 Qd7 10. Ne2 O-O 11. O-O Re8 12. Nf4 c6 13. Re1 Bxd3 14. cxd3 Ng6
15. Bd2 Na6 16. Nh5 Rxe1+ 17. Rxe1 Re8 18. Rxe8+ Qxe8 19. Kf1 Qe7 20. Qg4 Qe6
21. Qxe6 fxe6 22. f4 Nf8 23. g4 Kf7 24. Ke2 c5 25. Be3 Nd7 26. Ng3 Nc7 27. c4
cxd4 28. Bxd4 g6 29. Ke3 Nc5 30. Be5 N5a6 31. Kd4 dxc4 32. dxc4 b5 33. c5 Nd5
34. Ne4 b4 35. axb4 Naxb4 36. Ng5+ Ke7 37. Bd6+ Kf6 38. Nxh7+ Kg7 39. Ng5 Kf6
40. h4 Nc2+ 41. Ke4 Ncb4 42. h5 gxh5 43. gxh5 Kg7 44. Nxe6+ Kh6 45. Nd4 Nf6+
46. Ke5 Nxh5 47. f5 Kg7 48. c6 Nxc6+ 49. Nxc6 a6 50. Ke6 Kg8 51. Ne7+ Kh7 52.
Be5 a5 53. Nd5 Kh6 54. Nc3 1-0

[Event "I Open A"]
[Site "Civitanova Marche ITA"]
[Date "2006.07.31"]
[Round "3"]
[White "Buratti, Marco"]
[Black "Pulito, Alberto"]
[Result "0-1"]
[WhiteElo "2018"]
[BlackElo "2215"]
[PlyCount "74"]
[EventDate "2006.07.29"]

1. e4 e6 2. Nc3 d5 3. Nf3 Nf6 4. e5 Nfd7 5. g3 c5 6. Bg2 Nc6 7. O-O Be7 8. Re1
O-O 9. d3 f6 10. exf6 Nxf6 11. Ng5 e5 12. f4 d4 13. Nce4 Ng4 14. Bh3 Bxg5 15.
Nxg5 h6 16. Bxg4 hxg5 17. fxe5 Qd5 18. Bxc8 Raxc8 19. Qe2 Rce8 20. Qe4 Qxe4 21.
Rxe4 Rxe5 22. Bd2 Rxe4 23. dxe4 Ne5 24. Kg2 Ng4 25. Rf1 Rxf1 26. Kxf1 Nxh2+ 27.
Kg2 Ng4 28. Bxg5 Ne5 29. Bf4 Nd7 30. Kf3 Kf7 31. Ke2 Ke6 32. Kd2 Ne5 33. c3 g5
34. Bxe5 Kxe5 35. Kd3 dxc3 36. bxc3 b5 37. Ke3 g4 0-1

[Event "I Open A"]
[Site "Civitanova Marche ITA"]
[Date "2006.07.31"]
[Round "3"]
[White "Cappai, Davide"]
[Black "Bruno, Fabio"]
[Result "0-1"]
[WhiteElo "2092"]
[BlackElo "2388"]
[PlyCount "88"]
[EventDate "2006.07.29"]

1. e4 c5 2. Nf3 Nc6 3. c3 Nf6 4. Qc2 d5 5. d3 g6 6. h3 Bg7 7. Be3 b6 8. Be2 O-O
9. Na3 e5 10. Rd1 Bb7 11. Bg5 h6 12. Bxf6 Bxf6 13. O-O Bg7 14. Rfe1 Kh8 15. c4
d4 16. Nd2 Qd7 17. Qa4 h5 18. Bf3 Bh6 19. Nab1 a6 20. a3 Rfb8 21. Qc2 Bc8 22.
Re2 Qe7 23. Kh2 Qh4 24. Rh1 Be6 25. g3 Qe7 26. Bg2 h4 27. Nf3 hxg3+ 28. fxg3
Kg7 29. h4 Bg4 30. Nbd2 Qe6 31. Nf1 Rf8 32. Re1 Rae8 33. Kg1 Qd7 34. N3h2 Be6
35. Qe2 b5 36. b3 bxc4 37. bxc4 Rb8 38. Qc2 Ne7 39. Kf2 Rb6 40. Nf3 Rfb8 41.
Re2 f6 42. h5 Rb3 43. hxg6 Rc3 44. Qd1 Rc1 0-1

[Event "I Open A"]
[Site "Civitanova Marche ITA"]
[Date "2006.07.31"]
[Round "3"]
[White "Dimitrijevic, Dragan"]
[Black "D'Andrea, Stefano"]
[Result "0-1"]
[WhiteElo "1962"]
[BlackElo "2115"]
[PlyCount "106"]
[EventDate "2006.07.29"]

1. Nf3 d6 2. d4 Nf6 3. c4 Bg4 4. Qb3 Bxf3 5. exf3 Qc8 6. Bg5 Nbd7 7. Bd3 e6 8.
Nd2 Be7 9. O-O O-O 10. Ne4 Re8 11. Qc2 h6 12. Be3 d5 13. Ng3 c6 14. Qd2 dxc4
15. Bxc4 Nb6 16. Bd3 Bf8 17. f4 Nbd5 18. f5 e5 19. dxe5 Rxe5 20. Bd4 Re8 21. a3
Qc7 22. Bc4 Rad8 23. Rad1 Bd6 24. Rfe1 Be5 25. Bxe5 Rxe5 26. Rxe5 Qxe5 27. Re1
Qc7 28. Qc2 Qd7 29. h3 Re8 30. Ne4 Nxe4 31. Rxe4 Nf6 32. Rxe8+ Qxe8 33. Qd2 Qd7
34. Qf4 b5 35. Bb3 a5 36. Qb8+ Qe8 37. Qc7 a4 38. Bc2 Qe1+ 39. Kh2 Qxf2 40.
Qc8+ Kh7 41. Qxc6 Qf4+ 42. g3 Qc1 43. Qc3 Qf1 44. Qd2 Qc4 45. Qd3 Qc5 46. Qd2
Nd5 47. Be4 Ne3 48. Qd7 Qc4 49. Bd3 Qb3 50. Qxb5 Qd1 51. Be2 Qe1 52. Bf1 Qf2+
53. Kh1 Nxf1 0-1

[Event "I Open A"]
[Site "Civitanova Marche ITA"]
[Date "2006.07.31"]
[Round "3"]
[White "Logallo, Claudio"]
[Black "Brancaleoni, Maurizio"]
[Result "0-1"]
[WhiteElo "2066"]
[BlackElo "2275"]
[PlyCount "88"]
[EventDate "2006.07.29"]

1. Nf3 d5 2. g3 c5 3. Bg2 Nc6 4. d3 e5 5. O-O Nge7 6. Nbd2 f6 7. e4 d4 8. Nh4
Be6 9. Nb3 b6 10. f4 Qd7 11. Nf3 O-O-O 12. Bd2 h6 13. Nc1 g5 14. f5 Bg8 15. a3
g4 16. Nh4 h5 17. b4 c4 18. dxc4 Bxc4 19. Nd3 Bh6 20. Be1 Rdg8 21. Qb1 Nd8 22.
a4 Nf7 23. b5 Kb7 24. Qb2 Nd6 25. Bb4 Bf7 26. Bxd6 Qxd6 27. a5 Bd2 28. Ra4 Bxa5
29. Rfa1 Ra8 30. R1a3 Rhc8 31. Ng6 Rc3 32. Nxe7 Qxe7 33. Rxa5 bxa5 34. Rxc3
dxc3 35. Qxc3 Rc8 36. Qxa5 Rxc2 37. Qa6+ Kb8 38. Bf1 Qd8 39. Kh1 Ra2 40. Qc6
Be8 41. Qe6 Ra1 42. Kg2 Rxf1 43. Kxf1 Qxd3+ 44. Kf2 Qd4+ 0-1

[Event "I Open A"]
[Site "Civitanova Marche ITA"]
[Date "2006.07.31"]
[Round "3"]
[White "Piva, Giorgio"]
[Black "Piscopo, Pierluigi"]
[Result "0-1"]
[WhiteElo "2129"]
[BlackElo "2393"]
[PlyCount "72"]
[EventDate "2006.07.29"]

1. d4 d5 2. Bf4 c5 3. e3 Nf6 4. c3 Nc6 5. Bd3 Qb6 6. Qc1 Bg4 7. h3 Bh5 8. Nd2
e6 9. Ngf3 Be7 10. O-O O-O 11. Rb1 Nd7 12. g4 Bg6 13. Bxg6 hxg6 14. Qc2 f5 15.
dxc5 Qxc5 16. b4 Qb6 17. Qb3 Nf6 18. a3 fxg4 19. hxg4 Nxg4 20. c4 Qd8 21. Qd3
Rf5 22. cxd5 exd5 23. Bg3 Nge5 24. Qe2 Qd7 25. Kg2 Nxf3 26. Nxf3 Raf8 27. Nd4
Nxd4 28. exd4 Bf6 29. Rbd1 Re8 30. Qc2 Rc8 31. Qb2 Rh5 32. Rh1 Qf5 33. Rxh5
gxh5 34. Qe2 h4 35. Be5 Rc2 36. Rd2 Qg5+ 0-1

[Event "I Open A"]
[Site "Civitanova Marche ITA"]
[Date "2006.07.31"]
[Round "3"]
[White "Rombaldoni, Axel"]
[Black "Madan, Augustin"]
[Result "0-1"]
[WhiteElo "2169"]
[BlackElo "2411"]
[PlyCount "70"]
[EventDate "2006.07.29"]

1. e4 e6 2. d4 d5 3. Nc3 Bb4 4. a3 Bxc3+ 5. bxc3 Ne7 6. e5 b6 7. Qg4 Ng6 8. h4
h5 9. Qg3 Ba6 10. Bxa6 Nxa6 11. Ne2 Nb8 12. Bg5 Qc8 13. Qf3 c5 14. Ng3 Nc6 15.
Rd1 Qa6 16. Nxh5 Rh7 17. Ng3 Qxa3 18. Nf5 exf5 19. Qxd5 Qxc3+ 20. Kf1 cxd4 21.
e6 Nge5 22. exf7+ Kf8 23. Qd6+ Kxf7 24. f4 Qc4+ 25. Kg1 Qe6 26. fxe5 Qxd6 27.
exd6 Ke6 28. Rh3 Kxd6 29. c3 Re8 30. cxd4 Kd5 31. Rb3 g6 32. Rb5+ Kc4 33. Rb2
Nxd4 34. Ra2 Ne2+ 35. Kf2 Nc3 0-1

[Event "I Open A"]
[Site "Civitanova Marche ITA"]
[Date "2006.08.01"]
[Round "4"]
[White "Altini, Daniele"]
[Black "Bukal, Vladimir jr"]
[Result "0-1"]
[WhiteElo "2292"]
[BlackElo "2407"]
[PlyCount "64"]
[EventDate "2006.07.29"]

1. e4 c5 2. Nf3 d6 3. d3 Nc6 4. Nbd2 g6 5. g3 Bg7 6. Bg2 e5 7. c3 Nge7 8. O-O
O-O 9. a4 h6 10. Nc4 Be6 11. Re1 f5 12. exf5 gxf5 13. Qe2 Bf7 14. Be3 Bh5 15.
Qd2 f4 16. gxf4 Ng6 17. Nfxe5 dxe5 18. fxe5 Ncxe5 19. Nxe5 Nxe5 20. Bxc5 Nf3+
21. Bxf3 Rxf3 22. d4 Rf6 23. Re3 Bf3 24. Qd3 Qd5 25. Re5 Qf7 26. Kf1 Bd5 27.
Qe3 Rf3 28. Re7 Bc4+ 29. Kg2 Qg6+ 30. Kxf3 Rf8+ 31. Qf4 Bd5+ 32. Ke3 Rxf4 0-1

[Event "I Open A"]
[Site "Civitanova Marche ITA"]
[Date "2006.08.01"]
[Round "4"]
[White "Brunello, Roberta"]
[Black "Stromboli, Ettore"]
[Result "1-0"]
[WhiteElo "1863"]
[BlackElo "2224"]
[PlyCount "99"]
[EventDate "2006.07.29"]

1. e4 e6 2. d4 d5 3. e5 c5 4. c3 Nc6 5. Nf3 Qb6 6. a3 c4 7. Nbd2 Na5 8. Be2 Bd7
9. O-O Be7 10. Rb1 Rc8 11. Qe1 Ba4 12. Bd1 Bxd1 13. Qxd1 Qc6 14. b4 cxb3 15.
Nxb3 Nc4 16. Nfd2 b6 17. Nxc4 Qxc4 18. Bb2 Nh6 19. Nd2 Qd3 20. Qa4+ Kf8 21.
Rfd1 Rc7 22. Rbc1 Qe2 23. c4 Ng4 24. cxd5 b5 25. Qb3 Rxc1 26. Bxc1 Qxf2+ 27.
Kh1 Ne3 28. Rg1 Nxd5 29. Qxb5 g6 30. Ne4 Qh4 31. Nd6 Bxd6 32. exd6 Kg7 33. Rf1
Qd8 34. Qb7 Rf8 35. Qc6 Qc8 36. Qc5 Qa6 37. Re1 Rc8 38. d7 Rxc5 39. d8=Q Rc8
40. Qg5 Qd6 41. h3 Rc2 42. Qh4 Rxc1 43. Rxc1 Qxa3 44. Rc8 Qe7 45. Qe4 Qf6 46.
Kg1 a5 47. Ra8 a4 48. Qd3 Nf4 49. Qe4 Qxd4+ 50. Qxd4+ 1-0

[Event "I Open A"]
[Site "Civitanova Marche ITA"]
[Date "2006.08.01"]
[Round "4"]
[White "Bruno, Fabio"]
[Black "Pulito, Alberto"]
[Result "1-0"]
[WhiteElo "2388"]
[BlackElo "2215"]
[PlyCount "55"]
[EventDate "2006.07.29"]

1. d4 d5 2. Nf3 Nf6 3. c4 e6 4. Nc3 c6 5. e3 Nbd7 6. Bd3 Bd6 7. O-O dxc4 8.
Bxc4 O-O 9. Qc2 Qe7 10. a3 e5 11. h3 Bb8 12. Re1 a6 13. Ba2 h6 14. Bd2 Rd8 15.
Rad1 e4 16. Nh2 Nf8 17. Nf1 Ng6 18. f4 Nh4 19. Ng3 Bxh3 20. gxh3 Qd7 21. Ngxe4
Qxh3 22. Nxf6+ gxf6 23. Qe4 f5 24. Qh1 Qg3+ 25. Kf1 Kh7 26. Re2 Nf3 27. Qg2
Nxd2+ 28. Rdxd2 1-0

[Event "I Open A"]
[Site "Civitanova Marche ITA"]
[Date "2006.08.01"]
[Round "4"]
[White "D'Andrea, Stefano"]
[Black "Castaldo, Folco"]
[Result "0-1"]
[WhiteElo "2115"]
[BlackElo "2336"]
[PlyCount "104"]
[EventDate "2006.07.29"]

1. e4 c5 2. Nc3 Nc6 3. f4 e6 4. Nf3 a6 5. g3 d5 6. d3 Be7 7. Bg2 Nf6 8. O-O d4
9. Ne2 b5 10. Bd2 Bb7 11. Kh1 O-O 12. Neg1 c4 13. Nh3 cxd3 14. cxd3 Nd7 15. e5
Nc5 16. Nf2 a5 17. Qe2 Qd7 18. h4 Nb4 19. Bxb4 axb4 20. b3 Rfc8 21. Ng5 Bxg2+
22. Kxg2 Qc6+ 23. Nge4 Nd7 24. Rfd1 Nb6 25. Rdc1 Qb7 26. Qb2 Rc3 27. Qe2 Qc6
28. Rd1 Nd5 29. Kh3 Ne3 30. Rd2 Rxb3 31. Nd1 Nxd1 32. Qxd1 Rba3 33. Rc2 Qd7 34.
Rac1 Rxa2 35. Rc7 Qd8 36. Nd6 Bxd6 37. exd6 g6 38. d7 Kg7 39. Qg1 Qf6 40. Rc8
Qf5+ 41. g4 Qxd3+ 42. Qg3 R8a3 43. Rg1 Qd2 44. g5 Qh2+ 45. Kg4 Rxg3+ 46. Rxg3
h5+ 47. gxh6+ Kxh6 48. Rh8+ Kg7 49. Rg8+ Kxg8 50. d8=Q+ Kh7 51. Qd7 Kg7 52.
Qxd4+ f6 0-1

[Event "I Open A"]
[Site "Civitanova Marche ITA"]
[Date "2006.08.01"]
[Round "4"]
[White "Di Caro, Calogero"]
[Black "Dvirnyy, Danyyil"]
[Result "1-0"]
[WhiteElo "2340"]
[BlackElo "2280"]
[PlyCount "59"]
[EventDate "2006.07.29"]

1. d4 Nf6 2. c4 g6 3. f3 Bg7 4. e4 d6 5. Nc3 O-O 6. Bg5 c5 7. d5 e6 8. Qd2 exd5
9. cxd5 a6 10. a4 Re8 11. Nge2 Nbd7 12. Ng3 Rb8 13. Be2 Ne5 14. O-O c4 15. Kh1
b5 16. axb5 axb5 17. f4 Ned7 18. e5 dxe5 19. f5 b4 20. Nce4 Nxe4 21. Nxe4 f6
22. Bh4 gxf5 23. Rxf5 Rf8 24. Raf1 Ba6 25. d6 Kh8 26. Qc2 b3 27. Qb1 Rb7 28.
Rh5 h6 29. Qc1 Qe8 30. Rxh6+ 1-0

[Event "I Open A"]
[Site "Civitanova Marche ITA"]
[Date "2006.08.01"]
[Round "4"]
[White "Madan, Augustin"]
[Black "Brunello, Sabino"]
[Result "0-1"]
[WhiteElo "2411"]
[BlackElo "2391"]
[PlyCount "60"]
[EventDate "2006.07.29"]

1. Nf3 Nf6 2. c4 e6 3. Nc3 b6 4. e4 Bb7 5. e5 Ne4 6. Nxe4 Bxe4 7. d3 Bxf3 8.
Qxf3 Nc6 9. Qe4 f5 10. Qf4 d6 11. exd6 Bxd6 12. Qe3 Nd4 13. Kd1 Qf6 14. Qg5 Qf7
15. Be3 Be5 16. Bxd4 Bxd4 17. Kc2 O-O 18. Qh4 e5 19. Rd1 b5 20. f4 bxc4 21.
fxe5 c5 22. dxc4 Qb7 23. Rb1 Rae8 24. Qh3 Rxe5 25. Qf3 Qa6 26. Qa3 Qe6 27. Qf3
Rb8 28. g3 Qa6 29. a3 Qa4+ 30. Kd2 Be3+ 0-1

[Event "I Open A"]
[Site "Civitanova Marche ITA"]
[Date "2006.08.01"]
[Round "4"]
[White "Manganelli, Gianpaolo"]
[Black "Rombaldoni, Axel"]
[Result "1/2-1/2"]
[WhiteElo "2056"]
[BlackElo "2169"]
[PlyCount "52"]
[EventDate "2006.07.29"]

1. c4 e6 2. Nf3 d5 3. Qc2 Nf6 4. d4 b6 5. Bg5 Be7 6. e3 Bb7 7. Bxf6 Bxf6 8.
cxd5 exd5 9. Bb5+ c6 10. Bd3 h6 11. O-O O-O 12. Nc3 c5 13. dxc5 bxc5 14. Rfd1
Bxc3 15. Qxc3 Nd7 16. Bf5 Rc8 17. Qa3 Rc7 18. Rac1 c4 19. Bxd7 Qxd7 20. Rd4 Re8
21. Rcd1 Qc8 22. Qc3 Rc6 23. h3 Rg6 24. Nh4 Rg5 25. Nf3 Rg6 26. Nh4 Rg5 1/2-1/2

[Event "I Open A"]
[Site "Civitanova Marche ITA"]
[Date "2006.08.01"]
[Round "4"]
[White "Marozzi, Giovanni"]
[Black "Calavalle, Giulio"]
[Result "0-1"]
[WhiteElo "2096"]
[BlackElo "2200"]
[PlyCount "112"]
[EventDate "2006.07.29"]

1. c3 f5 2. d4 g6 3. Bf4 Bg7 4. Nf3 c6 5. e3 d6 6. Bc4 Nf6 7. Nbd2 b6 8. Ng5 d5
9. Bd3 Ne4 10. h4 h6 11. Ngf3 Nd7 12. c4 e6 13. Rc1 O-O 14. cxd5 cxd5 15. Bb5
a6 16. Qa4 Ra7 17. Nxe4 dxe4 18. Nd2 e5 19. Bxd7 Rxd7 20. Qc4+ Kh8 21. Bg5 Qe8
22. dxe5 Qxe5 23. Rc2 b5 24. Qb3 Rd3 25. Rc3 Rxc3 26. bxc3 Qxc3 27. Be7 Qxb3
28. axb3 Rf7 29. Bb4 Rc7 30. Ke2 Be6 31. Rb1 Bf6 32. g3 Bd5 33. Kd1 Kg8 34. Rc1
Rxc1+ 35. Kxc1 Bd8 36. Kb2 Bb6 37. Nb1 a5 38. Nc3 Bc6 39. Bd6 Kf7 40. Ne2 g5
41. hxg5 hxg5 42. Nc3 Kg6 43. b4 a4 44. Nb1 Bd8 45. Be5 Kh5 46. Kc2 Kg4 47. Kd2
Be7 48. Bc3 Bd6 49. Na3 f4 50. gxf4 gxf4 51. exf4 Kxf4 52. Ke2 Bd5 53. Bd2+ Kf5
54. Bc3 Bc4+ 55. Ke3 Bf4+ 56. Kd4 Be5+ 0-1

[Event "I Open A"]
[Site "Civitanova Marche ITA"]
[Date "2006.08.01"]
[Round "4"]
[White "Piscopo, Pierluigi"]
[Black "Brancaleoni, Maurizio"]
[Result "1-0"]
[WhiteElo "2393"]
[BlackElo "2275"]
[PlyCount "101"]
[EventDate "2006.07.29"]

1. e4 e6 2. d4 d5 3. Nc3 Bb4 4. e5 Ne7 5. a3 Bxc3+ 6. bxc3 b6 7. Nh3 Ng6 8. Qh5
Ba6 9. Bxa6 Nxa6 10. O-O Qd7 11. a4 Nb8 12. f4 Nc6 13. f5 exf5 14. Qxf5 Qxf5
15. Rxf5 h6 16. Ba3 Rd8 17. Raf1 Rd7 18. R5f3 Nd8 19. Nf2 Ne6 20. Nd3 a5 21. g3
Ng5 22. Re3 Ne4 23. c4 Ng5 24. c5 Ne6 25. c3 bxc5 26. Nxc5 Nxc5 27. Bxc5 Nf8
28. Rb1 Ne6 29. Ba3 g5 30. Re2 Rg8 31. Reb2 Rg6 32. Rb5 g4 33. Rxa5 Ng5 34.
Rb8+ Rd8 35. Rxd8+ Kxd8 36. Rxd5+ Kc8 37. Be7 Ne4 38. Rd8+ Kb7 39. Bb4 Rg5 40.
Kf1 Rh5 41. Rg8 Rxh2 42. Rxg4 Nd2+ 43. Ke1 Kc6 44. d5+ Kd7 45. e6+ fxe6 46.
Rg7+ Kc8 47. dxe6 Nf3+ 48. Kd1 Rd2+ 49. Kc1 Re2 50. Rg8+ Kb7 51. e7 1-0

[Event "I Open A"]
[Site "Civitanova Marche ITA"]
[Date "2006.08.01"]
[Round "4"]
[White "Stromboli, Carlo"]
[Black "Giacometti, Carlo"]
[Result "1-0"]
[WhiteElo "2196"]
[BlackElo "2062"]
[PlyCount "84"]
[EventDate "2006.07.29"]

1. e4 e6 2. d4 d5 3. Nc3 Bb4 4. e5 Qd7 5. Bd2 b6 6. Ne4 Bxd2+ 7. Nxd2 Ne7 8.
Ne2 Ba6 9. g3 Nf5 10. c3 c5 11. Nf3 Nc6 12. Nf4 Bxf1 13. Kxf1 cxd4 14. cxd4 Rc8
15. Qd2 h5 16. h4 g6 17. Kg2 Qe7 18. Ne2 Qb4 19. Qd3 Ke7 20. a3 Qc4 21. Qd2
Rhf8 22. Rhc1 Qa6 23. b4 Qb7 24. Ng5 Rc7 25. Rc2 Rfc8 26. Rac1 Nd8 27. b5 Rc4
28. Nh7 Ke8 29. Kg1 Qe7 30. Qd3 Nb7 31. Rxc4 Rxc4 32. Rxc4 dxc4 33. Qxc4 Na5
34. Qc3 Kd8 35. Ng5 Qd7 36. a4 Qc7 37. Qxc7+ Kxc7 38. Nxf7 Nb3 39. Ng5 Nbxd4
40. Nf4 Ne7 41. Nfxe6+ Nxe6 42. Nxe6+ Kd7 1-0